[Event "21st Dubai Open 2019"]
[Site "Dubai"]
[Date "2019.04.07"]
[Round "7.19"]
[White "Nguyen, Anh Khoi"]
[Black "Nitin, S.."]
[Result "1-0"]
[WhiteElo "2481"]
[BlackElo "2400"]
[Annotator "RC"]
[PlyCount "71"]
[EventDate "2019.04.01"]
[EventType "swiss"]
[EventCountry "UAE"]
[SourceTitle "playchess.com"]
[Source "ChessBase"]
[SourceQuality "1"]
[TimeControl "5400+30"]

1. d4 {[%emt 0:00:00]} Nf6 {[%emt 0:00:05]} 2. c4 {[%emt 0:00:00]} g6 {[%emt 0:00:06]} 3. Nc3 {[%emt 0:00:00]} Bg7 {[%emt 0:00:05]} 4. e4 {[%emt 0:00:00]} d6 {[%emt 0:00:06]} 5. f3 {[%emt 0:00:34]} O-O {[%emt 0:00:12]} 6. Nge2 {[%emt 0:00:05]} c6 {[%emt 0:01:12]} 7. Be3 {[%emt 0:00:15]} a6 {[%emt 0:00:20]} 8. g4 {[%emt 0:00:54]} b5 {[%emt 0:01:24]} 9. Ng3 {[%emt 0:00:17]} Qa5 {[%emt 0:11:30]} 10. Qd2 {[%emt 0:08:57]} Nbd7 {[%emt 0:09:50]} 11. h4 {[%emt 0:05:55]} e5 {[%emt 0:03:56]} 12. d5 {[%emt 0:15:07]} b4 {[%emt 0:02:25]} 13. Nd1 {[%emt 0:02:27]} cxd5 {[%emt 0:00:27]} 14. cxd5 {[%emt 0:00:12]} Nc5 {[%emt 0:00:26]} 15. h5 {[%emt 0:13:28]} Ra7 {[%emt 0:04:24]} 16. g5 {[%emt 0:09:50]} Ne8 {[%emt 0:04:50]} 17. Bxc5 {[%emt 0:07:58]} dxc5 {[%emt 0:03:01]} 18. d6 {[%emt 0:07:22]} Nxd6 {[%emt 0:05:42]} 19. hxg6 {[%emt 0:03:34]} hxg6 {[%emt 0:02:38]} 20. Ne3 {[%emt 0:00:48]} Be6 {[%emt 0:00:26]} 21. Rd1 {[%emt 0:10:39]} Rd7 {[%emt 0:02:31]} 22. Qh2 {[%emt 0:00:07]} Rfd8 {[%emt 0:00:49]} 23. b3 {[%emt 0:01:44]} Nb5 {[%emt 0:06:37]} 24. Rxd7 {[%emt 0:00:40]} Rxd7 {[%emt 0:00:06]} 25. Ngf5 {[%emt 0:02:15]} gxf5 {[%emt 0:14:05]} 26. exf5 {[%emt 0:00:05]} Qa3 {[%emt 0:00:47]} 27. Qh7+ {[%emt 0:02:44]} Kf8 {[%emt 0:00:06]} 28. f6 {[%emt 0:00:40]} Qc1+ {[%emt 0:00:06]} 29. Kf2 {[%emt 0:00:01]} Rd2+ {[%emt 0:00:21]} 30. Be2 {[%emt 0:02:06]} Rxe2+ {[%emt 0:00:55]} 31. Kg3 {[%emt 0:00:50]} Rg2+ {[%emt 0:04:03]} 32. Kxg2 {[%emt 0:00:09]} Qb2+ {[%emt 0:00:04]} 33. Kg3 {[%emt 0:00:29]} Bxf6 34. gxf6 {[%emt 0:00:05]} Ke8 {[%emt 0:00:05]} 35. Qe4 {[%emt 0:01:19]} Kd8 {[%emt 0:03:59]} 36. Qc6 {[%emt 0:00:28]} 1-0

[Event "21st Dubai Open 2019"]
[Site "Dubai"]
[Date "2019.04.07"]
[Round "7.20"]
[White "Sadhwani, Raunak"]
[Black "Rathnakaran, K.."]
[Result "1-0"]
[WhiteElo "2475"]
[BlackElo "2351"]
[Annotator "ChessBase"]
[PlyCount "61"]
[EventDate "2019.04.01"]
[EventType "swiss"]
[EventCountry "UAE"]
[SourceTitle "playchess.com"]
[Source "ChessBase"]
[SourceQuality "1"]
[TimeControl "5400+30"]

1. Nf3 {[%emt 0:00:00]} Nf6 {[%emt 0:00:00]} 2. c4 {[%emt 0:00:00]} c5 3. Nc3 {[%emt 0:00:00]} g6 {[%emt 0:00:00]} 4. d4 {[%emt 0:00:00]} Bg7 {[%emt 0:00:01]} 5. e4 {[%emt 0:00:05]} cxd4 {[%emt 0:00:05]} 6. Nxd4 {[%emt 0:00:04]} d6 {[%emt 0:00:12]} 7. Be2 {[%emt 0:00:04]} O-O {[%emt 0:00:08]} 8. O-O {[%emt 0:00:06]} Nc6 {[%emt 0:00:04]} 9. Be3 {[%emt 0:00:08]} Ng4 {[%emt 0:01:26]} 10. Bxg4 {[%emt 0:00:35]} Bxg4 {[%emt 0:12:40]} 11. Nxc6 {[%emt 0:00:05]} bxc6 {[%emt 0:00:01]} 12. Qxg4 {[%emt 0:00:07]} f5 {[%emt 0:00:03]} 13. Qf3 {[%emt 0:01:31]} f4 {[%emt 0:00:06]} 14. Bd2 {[%emt 0:00:04]} Rb8 {[%emt 0:00:04]} 15. Rab1 {[%emt 0:00:40]} h5 {[%emt 0:00:51]} 16. b3 {[%emt 0:00:11]} Qe8 {[%emt 0:00:13]} 17. e5 {[%emt 0:02:23]} Bxe5 {[%emt 0:02:27]} 18. Ne4 {[%emt 0:00:13]} Rf5 {[%emt 0:01:22]} 19. Bc3 {[%emt 0:00:14]} g5 {[%emt 0:04:28]} 20. Rfe1 {[%emt 0:00:06]} g4 {[%emt 0:01:27]} 21. Qd3 {[%emt 0:00:09]} Qf7 {[%emt 0:00:18]} 22. Bxe5 {[%emt 0:00:13]} dxe5 {[%emt 0:00:10]} 23. f3 {[%emt 0:00:09]} Kh8 {[%emt 0:00:31]} 24. Kh1 {[%emt 0:00:16]} Rg8 {[%emt 0:00:07]} 25. Re2 {[%emt 0:00:22]} Qg6 {[%emt 0:00:16]} 26. Rbe1 {[%emt 0:00:09]} Rg5 {[%emt 0:03:07]} 27. Qc3 {[%emt 0:01:57]} Rf5 {[%emt 0:02:11]} 28. b4 {[%emt 0:01:14]} Rg7 {[%emt 0:00:22]} 29. a4 {[%emt 0:00:08]} Rf8 {[%emt 0:00:17]} 30. b5 {[%emt 0:00:24]} Rfg8 {[%emt 0:03:14]} 31. c5 {[%emt 0:00:15]} 1-0

[Event "21st Dubai Open 2019"]
[Site "Dubai"]
[Date "2019.04.07"]
[Round "7.21"]
[White "Vignesh N R"]
[Black "Quizon, Daniel"]
[Result "1-0"]
[WhiteElo "2457"]
[BlackElo "2340"]
[Annotator "TA"]
[PlyCount "129"]
[EventDate "2019.04.01"]
[EventType "swiss"]
[EventCountry "UAE"]
[SourceTitle "playchess.com"]
[Source "ChessBase"]
[SourceQuality "1"]

{[%evp 21,129,16,8,-20,-10,-16,-18,-16,-19,-13,-3,-7,0,-40,0,0,0,0,0,0,7,0,38,38,38,29,29,29,27,29,30,37,64,64,58,57,45,26,28,16,15,13,17,-33,71,71,71,71,72,71,75,71,112,70,71,0,145,112,124,41,58,56,56,56,78,71,84,94,94,79,75,75,84,61,75,79,98,90,146,150,143,136,122,130,143,109,110,97,119,67,132,152,128,102,114,114,114,114,112,114,624,628,762,438,967,643,29977,29978,29970,11018]} 1. e4 c5 2. Nf3 e6 3. d4 cxd4 4. Nxd4 Nf6 5. Nc3 d6 6. f4 a6 7. a4 Qc7 8. Bd3 {B93: Sicilian Najdorf: 6 f4} b6 9. Nf3 Nbd7 {[%cal Bb8d7,Bd7c5,Bc5d3][%mdl 32]} 10. Qe2 Bb7 11. O-O Be7 {LiveBook: 3 Games} 12. Kh1 (12. Bd2 O-O 13. Rae1 Nc5 14. b4 Nxd3 15. cxd3 Rac8 16. Rc1 {½-½ (40) Becerra Rivero,J (2531)-Bykhovsky,A (2496) chess.com INT 2018}) 12... O-O 13. Bd2 Nc5 14. b4 Nxd3 15. cxd3 Rfe8 $146 ({Predecessor:} 15... Rfc8 16. Rfc1 Qd8 17. Nd1 Bf8 {½-½ (30) Stoica,V-Szabo,I Bucharest 1971}) 16. Rfc1 Qd7 17. Rab1 Bd8 18. Be3 e5 19. fxe5 dxe5 20. b5 axb5 21. Rxb5 Ba6 (21... Ra5 {looks sharper.} 22. Rb4 Ba6 23. Rd1 Qd6 24. Qb2 Nd7) 22. Rxe5 Qxd3 23. Rxe8+ Nxe8 24. Qxd3 Bxd3 25. Ne5 Ba6 26. Nc6 Bf6 27. Nd5 $1 {[%cal Rd5b6]} Bb7 $1 28. Nxb6 Ra6 29. Nb8 Ra5 30. N8d7 {Threatens to win with Nc5.} Bd8 31. Bd4 $36 {[%mdl 2048] Black must now prevent Nc5. White has good play.} Rg5 32. h3 Nd6 (32... Bxe4 $15 {keeps the upper hand.} 33. Rc8 Bxg2+ 34. Kh2 Bc7+ 35. Ne5 Bxe5+ 36. Bxe5 Rxe5 37. Kxg2 Rg5+ 38. Kf2 Kf8) 33. Nc5 $16 Bxb6 34. Nxb7 Bxd4 35. Nxd6 {[%cal Rc1c8][%mdl 4096] Endgame KRB-KRN} g6 36. Rc4 Bb6 37. Rc6 Bd4 38. Rc4 ({White should try} 38. Nb5 Be3 39. g4) 38... Bb6 $1 39. Rc8+ Kg7 40. Ne8+ (40. Nc4 $16 Bd4 41. Kh2) 40... Kh6 41. g4 Ra5 42. Rc4 Ra8 43. Nd6 Kg7 44. e5 Ra5 45. Nb5 Ra8 46. Kg2 Re8 47. Re4 Rc8 48. Kf3 Rc6 49. Rf4 {Hoping for Nd6.} Rc5 (49... Bc7 $142) 50. Nd6 Rxe5 51. Rxf7+ Kg8 52. Rb7 Bd4 53. Ne4 Ra5 54. Rb4 Ba1 55. g5 ({Better is} 55. Rc4 $16) 55... Rf5+ (55... Bg7 $14) 56. Ke2 Ra5 57. Rc4 h6 58. Rc8+ Kg7 59. Rc7+ Kg8 60. gxh6 {[%cal Bg5h6,Bh6h7][%mdl 32]} Rh5 $2 {[%mdl 8192] [#]} (60... Rxa4 $16 61. Ng5 Ra2+ 62. Ke3 Ra3+ 63. Ke2 Ra2+ 64. Kf3 Ra3+ 65. Ke4 Ra4+ 66. Kd3 Ra3+ 67. Ke4 Ra4+ 68. Kd3 Ra3+ 69. Ke4) 61. h7+ $1 $18 Kh8 {[#]} (61... Rxh7 62. Rxh7) 62. h4 $1 Be5 (62... Re5 $142) (62... Rxh4 63. Ng5) 63. Rc5 Bf4 64. Rc8+ Kg7 65. Rg8+ {Precision: White = 69%, Black = 45%.} 1-0

[Event "21st Dubai Open 2019"]
[Site "Dubai"]
[Date "2019.04.07"]
[Round "7.22"]
[White "Santos Ruiz, Miguel"]
[Black "Naboka, Sergey"]
[Result "1/2-1/2"]
[WhiteElo "2555"]
[BlackElo "2327"]
[Annotator "ChessBase"]
[PlyCount "81"]
[EventDate "2019.04.01"]
[EventType "swiss"]
[EventCountry "UAE"]
[SourceTitle "playchess.com"]
[Source "ChessBase"]
[SourceQuality "1"]
[TimeControl "5400+30"]

1. d4 {[%emt 0:00:00]} Nf6 {[%emt 0:00:05]} 2. c4 {[%emt 0:00:00]} g6 {[%emt 0:00:20]} 3. Nc3 {[%emt 0:00:00]} Bg7 {[%emt 0:00:28]} 4. e4 {[%emt 0:00:02]} d6 {[%emt 0:00:05]} 5. f3 {[%emt 0:00:05]} O-O {[%emt 0:00:27]} 6. Be3 {[%emt 0:00:14]} c5 {[%emt 0:00:42]} 7. Nge2 {[%emt 0:00:20]} Nc6 {[%emt 0:00:13]} 8. d5 {[%emt 0:00:10]} Ne5 {[%emt 0:00:07]} 9. Ng3 {[%emt 0:00:10]} h5 {[%emt 0:06:37]} 10. Be2 {[%emt 0:00:31]} h4 {[%emt 0:02:37]} 11. Nf1 {[%emt 0:01:07]} e6 {[%emt 0:00:47]} 12. Bg5 {[%emt 0:00:08]} h3 {[%emt 0:05:40]} 13. gxh3 {[%emt 0:17:34]} exd5 {[%emt 0:02:47]} 14. Nxd5 {[%emt 0:01:01]} Bxh3 {[%emt 0:04:10]} 15. Nfe3 {[%emt 0:04:03]} Nxd5 {[%emt 0:15:42]} 16. Bxd8 {[%emt 0:02:28]} Nxe3 {[%emt 0:00:05]} 17. Qd2 {[%emt 0:10:20]} Bh6 {[%emt 0:07:08]} 18. Qxd6 {[%emt 0:02:08]} Bf4 {[%emt 0:03:34]} 19. Bg5 {[%emt 0:00:38]} Nxf3+ {[%emt 0:15:21]} 20. Bxf3 {[%emt 0:00:15]} Bxd6 {[%emt 0:00:18]} 21. Bxe3 {[%emt 0:00:10]} Rad8 {[%emt 0:02:08]} 22. O-O-O {[%emt 0:10:55]} b6 {[%emt 0:02:31]} 23. Bh6 {[%emt 0:06:11]} Rfe8 {[%emt 0:01:57]} 24. Bg5 {[%emt 0:00:35]} Be7 {[%emt 0:02:14]} 25. Bf4 {[%emt 0:16:52]} Bf6 {[%emt 0:05:25]} 26. Rxd8 {[%emt 0:00:55]} Rxd8 {[%emt 0:00:14]} 27. Rd1 {[%emt 0:00:09]} Re8 {[%emt 0:00:33]} 28. Rd6 {[%emt 0:04:10]} Be5 {[%emt 0:02:39]} 29. Bxe5 {[%emt 0:00:09]} Rxe5 {[%emt 0:00:01]} 30. Rd8+ {[%emt 0:01:26]} Kg7 {[%emt 0:00:08]} 31. Kd2 {[%emt 0:00:05]} Be6 {[%emt 0:04:29]} 32. b3 {[%emt 0:01:33]} g5 {[%emt 0:00:19]} 33. Ke3 {[%emt 0:00:24]} g4 {[%emt 0:02:21]} 34. Bd1 {[%emt 0:00:32]} f5 {[%emt 0:02:44]} 35. Bc2 {[%emt 0:00:25]} fxe4 {[%emt 0:00:10]} 36. Bxe4 {[%emt 0:02:26]} Rh5 {[%emt 0:02:42]} 37. Rd2 {[%emt 0:00:51]} Rh3+ {[%emt 0:00:37]} 38. Kf4 {[%emt 0:00:09]} Kf6 {[%emt 0:00:09]} 39. Bd5 {[%emt 0:01:07]} Bf5 {[%emt 0:01:14]} 40. Bc6 {[%emt 0:01:07]} Be6 {[%emt 0:01:36]} 41. Bd5 {[%emt 0:00:50] Ke5+ Ke4+} 1/2-1/2

[Event "21st Dubai Open 2019"]
[Site "Dubai"]
[Date "2019.04.07"]
[Round "7.23"]
[White "Sundararajan, Kidambi"]
[Black "Chanda, Sandipan"]
[Result "1/2-1/2"]
[WhiteElo "2413"]
[BlackElo "2521"]
[Annotator "ChessBase"]
[PlyCount "97"]
[EventDate "2019.04.01"]
[EventType "swiss"]
[EventCountry "UAE"]
[SourceTitle "playchess.com"]
[Source "ChessBase"]
[SourceQuality "1"]
[TimeControl "5400+30"]

1. c4 {[%emt 0:00:00]} f5 {[%emt 0:00:52]} 2. b3 {[%emt 0:00:02]} b6 {[%emt 0:02:02]} 3. Bb2 {[%emt 0:01:20]} Bb7 {[%emt 0:00:39]} 4. Nf3 {[%emt 0:01:52]} e6 {[%emt 0:00:53]} 5. g3 {[%emt 0:00:40]} Nf6 {[%emt 0:00:24]} 6. Bg2 {[%emt 0:00:10]} g6 {[%emt 0:00:10]} 7. O-O {[%emt 0:01:25]} Bg7 {[%emt 0:00:06]} 8. d3 {[%emt 0:06:43]} O-O {[%emt 0:00:14]} 9. Nbd2 {[%emt 0:00:21]} d5 {[%emt 0:02:14]} 10. b4 {[%emt 0:02:39]} Nbd7 {[%emt 0:05:45]} 11. a4 {[%emt 0:02:49]} c5 {[%emt 0:03:30]} 12. a5 {[%emt 0:05:41]} Rb8 {[%emt 0:04:05]} 13. axb6 {[%emt 0:07:00]} axb6 {[%emt 0:05:07]} 14. Ra7 {[%emt 0:07:04]} Qc8 {[%emt 0:06:49]} 15. Qb3 {[%emt 0:11:47]} Ra8 {[%emt 0:07:03]} 16. Rxa8 {[%emt 0:02:40]} Bxa8 {[%emt 0:01:15]} 17. Ra1 {[%emt 0:05:15]} Re8 {[%emt 0:25:59]} 18. Ne5 {[%emt 0:05:43]} Qc7 {[%emt 0:13:33]} 19. Nxd7 {[%emt 0:03:01]} Nxd7 {[%emt 0:03:03]} 20. cxd5 {[%emt 0:05:22]} Bxd5 {[%emt 0:01:02]} 21. Bxd5 {[%emt 0:00:36]} exd5 {[%emt 0:00:06]} 22. Qxd5+ {[%emt 0:00:27]} Kf8 {[%emt 0:00:06]} 23. Bxg7+ {[%emt 0:01:42]} Kxg7 {[%emt 0:00:03]} 24. bxc5 {[%emt 0:01:52]} Rxe2 {[%emt 0:00:54]} 25. cxb6 {[%emt 0:12:17]} Qxb6 {[%emt 0:00:11]} 26. Qxd7+ {[%emt 0:00:33]} Kh6 {[%emt 0:00:08]} 27. Qa7 {[%emt 0:04:38]} Qxa7 {[%emt 0:00:23]} 28. Rxa7 {[%emt 0:00:07]} Rxd2 {[%emt 0:00:03]} 29. Rd7 {[%emt 0:00:33]} Kg5 {[%emt 0:01:40]} 30. Kg2 {[%emt 0:01:02]} h5 {[%emt 0:08:03]} 31. h4+ {[%emt 0:00:38]} Kf6 {[%emt 0:00:05]} 32. Rd6+ {[%emt 0:00:09]} Kf7 {[%emt 0:03:53]} 33. Kf3 {[%emt 0:00:11]} Ra2 {[%emt 0:01:11]} 34. Ke3 {[%emt 0:00:32]} Rb2 {[%emt 0:00:28]} 35. Ra6 {[%emt 0:00:08]} Rb3 {[%emt 0:01:21]} 36. Rc6 {[%emt 0:01:15]} Ra3 {[%emt 0:00:14]} 37. Rd6 {[%emt 0:00:10]} Ra4 {[%emt 0:00:24]} 38. d4 {[%emt 0:00:51]} Ra2 {[%emt 0:00:17]} 39. d5 {[%emt 0:01:02]} Ra3+ {[%emt 0:01:34]} 40. Kf4 {[%emt 0:00:19]} Ra4+ {[%emt 0:00:04]} 41. Kg5 {[%emt 0:01:23]} Rg4+ {[%emt 0:00:07]} 42. Kh6 {[%emt 0:00:04]} f4 {[%emt 0:00:08]} 43. gxf4 {[%emt 0:01:24]} Rxf4 {[%emt 0:00:32]} 44. Rxg6 {[%emt 0:02:43]} Rxh4 {[%emt 0:00:06]} 45. d6 {[%emt 0:01:06]} Rf4 {[%emt 0:02:05]} 46. d7 {[%emt 0:01:33]} Rd4 {[%emt 0:01:45]} 47. Rg7+ {[%emt 0:01:07]} Kf6 {[%emt 0:00:07]} 48. Rg6+ {[%emt 0:00:45]} Kf7 {[%emt 0:00:15]} 49. Rg7+ {[%emt 0:00:44]} 1/2-1/2

[Event "21st Dubai Open 2019"]
[Site "Dubai"]
[Date "2019.04.07"]
[Round "7.24"]
[White "Kuybokarov, Temur"]
[Black "Saurabh Anand"]
[Result "1/2-1/2"]
[WhiteElo "2519"]
[BlackElo "2385"]
[Annotator "TA"]
[PlyCount "140"]
[EventDate "2019.04.01"]
[EventType "swiss"]
[EventCountry "UAE"]
[SourceTitle "playchess.com"]
[Source "ChessBase"]
[SourceQuality "1"]

{[%evp 29,140,64,70,48,33,37,76,85,64,31,56,73,71,46,57,55,81,83,86,82,82,58,78,39,77,69,93,93,126,92,94,95,96,85,119,119,135,114,132,149,137,120,118,116,125,122,121,103,154,142,140,146,146,143,162,154,168,160,156,0,153,150,182,183,182,182,214,214,234,236,243,222,216,191,253,206,243,254,276,318,321,282,308,294,332,327,393,393,368,369,392,385,386,237,243,0,393,406,391,28,72,61,163,56,83,0,0,0,0,-8,-8,-8,-8]} 1. e4 e5 2. Nf3 Nc6 3. Bb5 a6 4. Ba4 Nf6 5. O-O Be7 6. Re1 b5 7. Bb3 d6 8. c3 O-O 9. h3 Na5 10. Bc2 c5 11. d4 Nd7 12. a4 Bb7 {C96: Closed Ruy Lopez: Chigorin Defence: 11 d4, replies other than 11...Qc7} 13. d5 Nb6 14. b4 cxb4 15. cxb4 Nac4 {LiveBook: 3 Games} 16. a5 Nd7 17. Nc3 {[%cal Bb1c3,Bc3e2,Be2g3][%mdl 32] [#]} Bf6 $146 ({Predecessor:} 17... Nf6 18. Ne2 Kh8 19. Ng3 Bc8 20. Bd3 {1-0 (60) Dominguez Perez,L (2725)-Lenic,L (2640) Istanbul 2012}) 18. Ne2 g6 19. g4 Re8 20. Ng3 Nf8 21. Ra2 Bc8 22. Kg2 Bd7 23. Bd3 Rc8 24. Rae2 Rc7 25. Rh1 Qa8 26. Kh2 Qb8 27. Rc2 Qa7 28. Rg1 Qb8 29. Bh6 Qd8 30. Qc1 Bg7 31. Be3 Rc8 32. Bxc4 bxc4 33. Rxc4 Bb5 34. Rxc8 Qxc8 35. Qxc8 Rxc8 36. Rc1 Rxc1 37. Bxc1 Nd7 38. Be3 Bf6 (38... Nf6 $142) 39. Bg5 $16 Bxg5 40. Nxg5 {[%mdl 4096] Endgame KBN-KNN} Nf6 41. Nf3 Bd3 42. Ne1 Bc4 43. Nc2 Bd3 44. Ne1 Bc4 $1 45. Kg2 Ne8 46. Nc2 Nc7 47. Na3 Bd3 48. Kf3 Kf8 49. Ke3 Bb5 50. f4 f6 51. g5 exf4+ (51... Kf7 {was called for.} 52. h4 Ke7 53. Nxb5 Nxb5) 52. Kxf4 $18 fxg5+ 53. Kxg5 Kg7 54. Nxb5 Nxb5 {KN-KN} 55. Nf1 h6+ 56. Kf4 Kf6 57. Nh2 g5+ 58. Ke3 h5 59. Nf3 $1 {[%cal Rf3d4]} Nc7 60. Nd4 Ke5 {and the idea ...Kf6 leaves Black hopeful.} 61. Nc6+ Kf6 62. Nd4 (62. Ke2 $142) 62... Ke5 $1 {[#]} 63. b5 $1 {[%mdl 512]} axb5 {[#]} 64. Nc6+ $2 (64. Ne6 $1 $18 {[%cal Re6c7][%mdl 512]} Na6 (64... Nxe6 65. dxe6) 65. Nxg5) 64... Kf6 $16 65. Nb4 $1 Na8 {[#]} (65... Ke7 $14) 66. Na6 (66. Kd4 $1 $18) 66... Ke5 {[#]} 67. Nb8 ({White should play} 67. Kd3 $1 $16) 67... Kf6 $11 {The position is equal.} 68. Nc6 {Threatens to win with a6.} Nc7 69. e5+ dxe5 70. Ke4 Na6 {Accuracy: White = 68%, Black = 37%.} 1/2-1/2

[Event "21st Dubai Open 2019"]
[Site "Dubai"]
[Date "2019.04.07"]
[Round "7.25"]
[White "Hedman, Erik"]
[Black "Venkatesh, M.R."]
[Result "1-0"]
[WhiteElo "2385"]
[BlackElo "2517"]
[Annotator "ChessBase"]
[PlyCount "87"]
[EventDate "2019.04.01"]
[EventType "swiss"]
[EventCountry "UAE"]
[SourceTitle "playchess.com"]
[Source "ChessBase"]
[SourceQuality "1"]
[TimeControl "5400+30"]

1. d4 {[%emt 0:00:00]} Nc6 {[%emt 0:00:00]} 2. d5 {[%emt 0:00:00]} Ne5 {[%emt 0:00:00]} 3. e4 {[%emt 0:00:02]} d6 {[%emt 0:07:09]} 4. f4 {[%emt 0:01:39]} Ng6 {[%emt 0:00:38]} 5. Nf3 {[%emt 0:09:04]} e6 {[%emt 0:03:24]} 6. dxe6 {[%emt 0:00:11]} fxe6 {[%emt 0:00:06]} 7. Nc3 {[%emt 0:01:25]} c6 {[%emt 0:04:39]} 8. h4 {[%emt 0:06:44]} Be7 {[%emt 0:07:09]} 9. h5 {[%emt 0:02:50]} Nf8 {[%emt 0:02:10]} 10. Qd4 {[%emt 0:07:45]} Nf6 {[%emt 0:09:52]} 11. e5 {[%emt 0:05:21]} Nd5 {[%emt 0:05:49]} 12. Ne4 {[%emt 0:02:52]} dxe5 {[%emt 0:00:36]} 13. fxe5 {[%emt 0:00:15]} Qb6 {[%emt 0:02:26]} 14. a3 {[%emt 0:02:49]} Qxd4 {[%emt 0:27:35]} 15. Nxd4 {[%emt 0:00:08]} Bd7 {[%emt 0:00:31]} 16. c4 {[%emt 0:01:22]} Nb6 {[%emt 0:00:11]} 17. Be3 {[%emt 0:21:22]} c5 {[%emt 0:05:40]} 18. Nb3 {[%emt 0:03:07]} Bc6 {[%emt 0:00:05]} 19. Nbxc5 {[%emt 0:03:22]} O-O-O {[%emt 0:08:48]} 20. Be2 {[%emt 0:10:26]} Bxc5 {[%emt 0:05:50]} 21. Nxc5 {[%emt 0:00:05]} Nfd7 {[%emt 0:00:09]} 22. Nxd7 {[%emt 0:05:23]} Nxd7 {[%emt 0:00:07]} 23. O-O-O {[%emt 0:00:07]} Rhf8 {[%emt 0:02:14]} 24. Bd4 {[%emt 0:05:59]} Rf4 {[%emt 0:06:00]} 25. Rd2 {[%emt 0:00:05]} Bxg2 {[%emt 0:00:28]} 26. Rg1 {[%emt 0:00:33]} Be4 {[%emt 0:00:32]} 27. Rxg7 {[%emt 0:00:10]} Bf5 {[%emt 0:00:04]} 28. Bxa7 {[%emt 0:00:45]} Rh4 {[%emt 0:01:14]} 29. Bf3 {[%emt 0:06:36]} Rxc4+ {[%emt 0:00:15]} 30. Kd1 {[%emt 0:00:03]} Rc7 {[%emt 0:00:46]} 31. Bd4 {[%emt 0:00:20]} b6 {[%emt 0:00:28]} 32. a4 {[%emt 0:00:57]} Rf8 {[%emt 0:00:20]} 33. Ke2 {[%emt 0:00:45]} Bc2 {[%emt 0:00:33]} 34. Rxd7 {[%emt 0:00:14]} Bd3+ {[%emt 0:00:40]} 35. Rxd3 {[%emt 0:00:33]} Rxd7 {[%emt 0:00:02]} 36. Rc3+ {[%emt 0:00:31]} Kb8 {[%emt 0:00:06]} 37. Bxb6 {[%emt 0:00:20]} Rf5 {[%emt 0:00:04]} 38. Re3 {[%emt 0:01:21]} Rf4 {[%emt 0:00:12]} 39. Re4 {[%emt 0:00:15]} Rf5 {[%emt 0:00:20]} 40. Be3 {[%emt 0:00:48]} Rc7 {[%emt 0:01:01]} 41. Bg4 {[%emt 0:01:14]} Rf8 {[%emt 0:00:15]} 42. Rb4+ {[%emt 0:00:06]} Rb7 {[%emt 0:00:24]} 43. Rxb7+ {[%emt 0:00:04]} Kxb7 {[%emt 0:00:04]} 44. Bxe6 {[%emt 0:00:09]} 1-0

[Event "21st Dubai Open 2019"]
[Site "Dubai"]
[Date "2019.04.07"]
[Round "7.26"]
[White "Vishnu Prasanna. V"]
[Black "Pranav Vijay"]
[Result "0-1"]
[WhiteElo "2515"]
[BlackElo "2265"]
[Annotator "RC"]
[PlyCount "44"]
[EventDate "2019.04.01"]
[EventType "swiss"]
[EventCountry "UAE"]
[SourceTitle "playchess.com"]
[Source "ChessBase"]
[SourceQuality "1"]
[TimeControl "5400+30"]

1. d4 {[%emt 0:00:00]} Nf6 {[%emt 0:00:00]} 2. c4 {[%emt 0:00:00]} e6 {[%emt 0:00:00]} 3. Nc3 {[%emt 0:00:00]} Bb4 {[%emt 0:00:00]} 4. Qc2 {[%emt 0:00:00]} O-O {[%emt 0:03:11]} 5. e4 {[%emt 0:00:02]} c5 {[%emt 0:01:41]} 6. e5 {[%emt 0:02:23]} cxd4 {[%emt 0:01:46]} 7. a3 {[%emt 0:00:05]} Qa5 {[%emt 0:08:10]} 8. exf6 {[%emt 0:03:50]} dxc3 {[%emt 0:00:41]} 9. axb4 {[%emt 0:00:08]} Qxa1 {[%emt 0:00:29]} 10. bxc3 {[%emt 0:02:38]} e5 {[%emt 0:25:53]} 11. Bd3 {[%emt 0:13:46]} g6 {[%emt 0:09:33]} 12. c5 {[%emt 0:04:18]} e4 {[%emt 0:03:10]} 13. Bxe4 {[%emt 0:09:37]} Qa6 {[%emt 0:02:43]} 14. Ne2 {[%emt 0:00:30]} d5 {[%emt 0:04:14]} 15. Bxd5 {[%emt 0:01:22]} Bf5 {[%emt 0:02:48]} 16. Qa2 {[%emt 0:06:51]} Qxa2 {[%emt 0:02:05]} 17. Bxa2 {[%emt 0:00:06]} a5 {[%emt 0:00:42]} 18. Bd5 {[%emt 0:13:41]} axb4 {[%emt 0:01:13]} 19. cxb4 {[%emt 0:02:29]} Re8 {[%emt 0:01:08]} 20. Bxb7 {[%emt 0:11:22]} Ra2 {[%emt 0:00:52]} 21. Bf3 {[%emt 0:00:10]} Be4 {[%emt 0:05:57]} 22. Bg4 {[%emt 0:05:56]} h5 {[%emt 0:00:52]} 0-1

[Event "21st Dubai Open 2019"]
[Site "Dubai"]
[Date "2019.04.07"]
[Round "7.27"]
[White "Harsha Bharathakoti"]
[Black "Assaubayeva, Bibisara"]
[Result "1/2-1/2"]
[WhiteElo "2497"]
[BlackElo "2381"]
[Annotator "ChessBase"]
[PlyCount "154"]
[EventDate "2019.04.01"]
[EventType "swiss"]
[EventCountry "UAE"]
[SourceTitle "playchess.com"]
[Source "ChessBase"]
[SourceQuality "1"]
[TimeControl "5400+30"]

1. d4 Nf6 2. c4 g6 3. Nc3 Bg7 4. e4 d6 5. Nf3 O-O 6. Be2 e5 7. d5 a5 8. Bg5 Qe8 9. Nd2 Na6 10. g4 c6 11. Nf1 cxd5 12. cxd5 Bd7 13. Ng3 b5 14. Rc1 b4 15. Nb1 Nc5 16. f3 Ba4 17. Qd2 Bb5 18. h4 Bxe2 19. Qxe2 Qc8 20. h5 Qa6 21. Qxa6 Rxa6 22. Ke2 Nfd7 23. Nd2 Bf6 24. Bxf6 Nxf6 25. g5 Nfd7 26. Ngf1 f6 27. hxg6 hxg6 28. gxf6 Nxf6 29. Ng3 Kf7 30. Nc4 Na4 31. Rc2 Ke7 32. Nd2 Nc5 33. Rh6 Kf7 34. Nb3 Nfd7 35. Nxc5 Nxc5 36. Nf5 gxf5 37. Rxc5 dxc5 38. Rxa6 fxe4 39. fxe4 Rh8 40. Rxa5 c4 41. Rc5 Rh2+ 42. Kf3 b3 43. axb3 cxb3 44. Kg4 Rf2 45. Rc4 Ke7 46. Kg5 Kd6 47. Rc6+ Kd7 48. Rb6 Rf4 49. Rxb3 Rxe4 50. Kf5 Re2 51. Rb6 Kc7 52. Rc6+ Kd7 53. b4 e4 54. Rh6 e3 55. Ke5 Rg2 56. Rh7+ Kd8 57. Kd6 Rg6+ 58. Kc5 e2 59. Rh1 Rg4 60. b5 Re4 61. Re1 Kc7 62. b6+ Kd7 63. Kb5 Kd6 64. Ka6 Ra4+ 65. Kb7 Ra2 66. Kc8 Ra8+ 67. Kb7 Ra2 68. Kc8 Ra8+ 69. Kb7 Ra2 70. Kb8 Kxd5 71. b7 Kd4 72. Rb1 Rc2 73. Ka7 Rc7 74. Kb6 Rxb7+ 75. Kxb7 Kd3 76. Re1 Kd2 77. Rxe2+ Kxe2 1/2-1/2